00536nam a2200181 a 45000010010000000030011000100080041000210350026000620820014000881000024001022450038001262600039001646500014002039420012002179520090002299980020003199990015003390000-8622ELIB.Books110520 1998  a(ELIB.Books)0000-8768 a233 bCat aCatchpoole, Alan D. aThe Wisdom that founded the Earth bSingapore: Youth For Christ c1998 aSalvation 2ddccBK 00102ddc4070aKBTSbKBTSd2011-05-20l0p8842r2022-01-22 00:00:00w2022-01-22yBK cbate2011-05-20 c8622d8622